World Cup Final Host Cities - Statistics

General Stats
  • This quiz has been taken 87 times
    31 since last reset
  • The average score is 19 of 22
Answer Stats
Year Host City % Correct
1938 Paris, France
100%
1998 Paris, France
100%
1950 Rio de Janeiro, Brazil
100%
2014 Rio de Janeiro, Brazil
100%
1966 London, England
97%
1930 Montevideo, Uruguay
93%
2018 Moscow, Russia
93%
1934 Rome, Italy
93%
1990 Rome, Italy
93%
1978 Buenos Aires, Argentina
90%
2022 Doha, Qatar
90%
1970 Mexico City, Mexico
90%
1986 Mexico City, Mexico
90%
2006 Berlin, Germany
86%
2010 Johannesburg, South Africa
86%
1982 Madrid, Spain
86%
2002 Yokohama, Japan
86%
1994 Los Angeles, USA
76%
1974 Munich, West Germany
76%
1962 Santiago, Chile
69%
1958 Stockholm, Sweden
59%
1954 Bern, Switzerland
48%
No matching quizzes found
Score Distribution
Percent of People with Each Score
Percentile by Number Answered
Your Score History
You have not taken this quiz since the last reset